Countries Erwin Rommel visited - Statistics

General Stats
  • This quiz has been taken 99 times
  • The average score is 6 of 9
Answer Stats
Continent Country % Correct
Europe France
96%
Europe Germany
95%
Africa Egypt
91%
Africa Libya
79%
Europe Italy
75%
Africa Tunisia
73%
Europe Austria
72%
Europe Romania
27%
Europe Slovenia
19%
No matching quizzes found
Score Distribution
Percent of People with Each Score
Percentile by Number Answered
Your Score History
You have not taken this quiz